| 000 | 00605nam a2200241Ia 4500 | ||
|---|---|---|---|
| 008 | 180620s9999 xx 000 0 und d | ||
| 020 | _a1-57076-115-9 | ||
| 050 | _aREF TT 751 | ||
| 050 | _b.N53 1998 | ||
| 100 | _aNicol, Gloria. | ||
| 245 | 4 | _aThe Linen cupboard / | |
| 245 | 0 | _cGloria Nicol. | |
| 260 | _aNorth Pomfret, Vt : | ||
| 260 | _bTrafalgar Square Publishing, | ||
| 260 | _c1998 | ||
| 300 | _a80 pages : | ||
| 300 | _bcolored illustrations ; | ||
| 300 | _c24 cm. | ||
| 500 | _aIncludes index. | ||
| 650 | _aFancy work. | ||
| 650 | _aHousehold linens. | ||
| 650 | _xNeedlework. | ||
| 999 |
_c358042 _d358042 |
||